000 00193nam a2200085 4500
001 1257582
005 20260217105221.0
245 _aökkeş maçta
_cmuzaffer izgü
260 _bözyürek yayınları
999 _c1257582
_d1257582